000 00313nam a22001457a 4500
008 210512b ||||| |||| 00| 0 eng d
020 _a072161258
041 _aeng
080 _213th
_a617
082 _a617
100 _a5
101 _aKIR
245 _aTextbook of Surgery
_cSabiston,D.C
942 _2udc
_cBK
999 _c57286
_d57286